000
00316nam a22001337a 4500
008
190304b xxu||||| |||| 00| 0 eng d
020
_a
9780791430361
041
_a
eng
080
_a
821
100
_a
22
101
_a
GJL
245
_a
Allegories of Transgression and Transformation
_c
Tello, M.B
942
_2
udc
_c
BK
999
_c
54447
_d
54447